College Quizbowl Stats
College Quizbowl Stats
Circuits
Seasons
Sets
Records
Detailed Stats
About
Loading...
2024 ACF Regionals @ MIT
Tossups
Bonuses
Players
Teams
Categories (Tossup)
Categories (Bonus)
Freddie Rivas-Giorgi
Yale A
Categories
Category
Powers
Gets
Negs
BBs
Points
Earliest Buzz
Avg. Buzz
First Buzzes
Top 3 Buzzes
History - World History
0
2
0
0
20
99
100.50
1
2
Fine Arts - Classical Music
0
1
0
0
10
90
90.00
1
1
Religion
0
1
0
0
10
68
68.00
1
1
Science - Chemistry
0
1
0
0
10
76
76.00
1
1
Buzzes
Category
Answer
Value
Buzz Position
Religion
Egypt
10
68
Science - Chemistry
solvation
10
76
Fine Arts - Classical Music
Franz Liszt
10
90
History - World History
Benito Juárez
10
99
History - World History
Nahuatl
10
102
Previous
1
Next